| 000 | 00809 a2200205 4500 | ||
|---|---|---|---|
| 020 | _a1558607129 (alk. paper) | ||
| 040 | _aDLC | ||
| 082 | 0 | 0 | _a004/.01/9 |
| 100 | 1 | _aRosson, Mary Beth. | |
| 245 | 1 | 0 |
_aUsability engineering : scenario-based development of human-computer interaction _cMary Beth Rosson, John M. Carroll. |
| 250 | _a1st ed. | ||
| 260 |
_aSan Fancisco : _bAcademic Press, _c2002. |
||
| 300 |
_axxi, 422 p. : _bill. ; _c24 cm. |
||
| 440 | 0 | _aMorgan Kaufmann series in interactive technologies | |
| 650 | 0 | _aHuman-computer interaction. | |
| 700 | 1 |
_aCarroll, John M. _d1950- |
|
| 856 | 4 | 2 |
_3Publisher description _uhttp://www.loc.gov/catdir/description/els031/2001090605.html |
| 856 | 4 | 2 |
_3Table of contents _uhttp://www.loc.gov/catdir/toc/els031/2001090605.html |
| 942 |
_cBK _k004.019 ROS _2ddc |
||
| 999 |
_c5399 _d5399 |
||